000 00316nam a22001337a 4500
008 180205b xxu||||| |||| 00| 0 eng d
020 _a2900077826849
041 _aeng
080 _250ed
_a004
100 _a30
101 _ashk
245 _acomputer accouting with quikbooks 2013
_cdonna.k
942 _2udc
_cBK
999 _c41715
_d41715